Music Quiz

Random Music or Lyrics Quiz

Which Drake Song? Quiz Stats

 Plays Quiz not verified by Sporcle

Support Sporcle.
Go Orange.
Score 0/8 Timer 07:00
0 Plays Today
Drake Songs Song % Correct
last name ever, first name greatest. like a sprained ankle boy i aint nothing to play withForever
86%
sweat pants, hair tied, chillin with no makeup on. that's when you're the prettiestBest I ever had
80.6%
nails done, hair done, everything didFancy
76.1%
i'm more than just an option...refuse to be forgotten Find Your Love
71%
you too fine to be laying down in bed aloneOver
71%
i don't judge her. but i could never love her. cause to her i'm just a rapper and soon she'll met anotherMiss Me
57.7%
i'm on a 24 hour champagne diet, spillin while i'm sippin i encourage you to try itMoney to Blow
44.9%
until you find yourself, it's impossible to lose youHoustatlantavegas
19.1%

You're not logged in!

Compare scores with friends on all Sporcle quizzes.
OR
Log In

From the Vault

Dis Quiz

by Flick

Don't be dissin' on this quiz.
Remove Ads.
Support Sporcle.
Get the best of Sporcle when you Go Orange. This ad-free experience offers more features, more stats, and more fun while also helping to support Sporcle. Thank you for becoming a member.

Show Comments

Extras

Created Feb 12, 2011ReportNominate
Tags:Lyrics Quiz, Rap Quiz, Drake

Top Quizzes Today


Score Distribution

Your Account Isn't Verified!

In order to create a playlist on Sporcle, you need to verify the email address you used during registration. Go to your Sporcle Settings to finish the process.

Report this User

Report this user for behavior that violates our Community Guidelines.

Details: